| 000 | 01263nam a2200325 i 4500 | ||
|---|---|---|---|
| 001 | 000015802 | ||
| 003 | DO-SdBNP | ||
| 005 | 20241003095345.0 | ||
| 007 | ta | ||
| 008 | 100218s1937 dr 001 0 spa d | ||
| 040 |
_aDO-SdBNP _bspa _cBNPHU _erda |
||
| 082 |
_a341.02667293 _bR426t _222 |
||
| 110 | 1 |
_aRepública Dominicana. _bSecretaría de Estado de Relaciones Exteriores _92256 |
|
| 240 | 1 | 0 | _aTratados, etc. |
| 245 | 1 | 0 | _aTratados y convenciones internacionales vigentes de la República Dominicana. |
| 264 |
_aCiudad Trujillo, República Dominicana : _bImprenta J. R. Viuda García, _c1937. |
||
| 300 |
_avolumen ; _c24 cm. |
||
| 336 |
_ardacontent _btexto _2txt |
||
| 337 |
_ardamedia _bsin mediación _2n |
||
| 338 |
_brdacarrier _0volumen _2nc |
||
| 500 | _aLa biblioteca posee v.1, e.2 | ||
| 590 | _aInventariado, 2024/DG | ||
| 650 | 4 |
_aTratados comerciales _zRepública Dominicana _912395 |
|
| 650 | 4 |
_aNegociaciones comerciales _99612 |
|
| 651 | 4 |
_aRepública Dominicana _xRelaciones Exteriores _xTratados _911787 |
|
| 651 | 4 |
_aRepública Dominicana _xTratados Internacionales _99650 |
|
| 651 | 4 |
_aRepública Dominicana _xPolítica Y Gobierno _yERA DE TRUJILLO, 1930-1961 _91374 |
|
| 910 | _aValidado. Control de calidad EMS. | ||
| 942 |
_2ddc _cLBS1 |
||
| 999 |
_c15348 _d15348 |
||